Cold War Facts Quiz - Statistics

General Stats
  • This quiz has been taken 86 times
  • The average score is 8 of 13
Answer Stats
Question Answer % Correct
Mao Zedong Led a Communist Revolution in Which Country during the cold War? China
99%
Name the Only Current Communist State in the Caribbean? Cuba
90%
The Warsaw Pact was Signed in Which Communist Country? Poland
83%
This Communist Country was the Largest Country by Area? Soviet Union
79%
Only Communist Country in Europe to have Not Joined the Warsaw Pact? Yugoslavia
65%
Tirana was the Capital of What Communist Country? Albania
56%
This Country was a Communist Country, now it identifies as "Juche" North Korea
55%
In what Modern-Day Country was Kampuchea Ruled in? Cambodia
53%
2nd Largest Communist Country in Asia, until Communism was Abolished? Mongolia
47%
At the End of 1989, Which Communist Country in Europe had the Highest GDP per Capita? Czechoslovakia
41%
United States sent Which Communist Country 20,000 bibles, but then Those Bibles turned into Toilet Paper because they had a Shortage? Romania
35%
Shortest Lived Communist Country, who only had 14 years and 1 day under Communist Rule? Afghanistan
29%
First African Country to Have Been Communist? Somalia
26%
No matching quizzes found
Score Distribution
Percent of People with Each Score
Percentile by Number Answered
Your Score History
You have not taken this quiz